[Event "18. Torneo Ciudad de Albacete 2010"]
[Site "Albacete ESP"]
[Date "2010.09.15"]
[Round "2.8"]
[White "Kovacevic, Slobodan"]
[Black "Castellanos Bogalo, Antonio"]
[Result "1-0"]
[WhiteElo "2386"]
[BlackElo "2062"]
[PlyCount "75"]
[EventDate "2010.09.14"]
[EventType "swiss"]
[EventRounds "9"]
[EventCountry "ESP"]
[Source "lmi"]
[SourceDate "2010.09.14"]

1. d4 d5 2. Bf4 Nf6 3. e3 g6 4. c3 Bg7 5. Nf3 O-O 6. Nbd2 Re8 7. h3 Nfd7 8. Bg5
c5 9. Be2 Nc6 10. O-O Qb6 11. Qb3 e6 12. Rfd1 c4 13. Qc2 Qc7 14. Bf4 Qd8 15. b3
cxb3 16. axb3 f5 17. b4 Nb6 18. Nb3 Qe7 19. Ra2 h6 20. Bh2 Nc4 21. b5 Nd8 22.
Bxc4 dxc4 23. Nbd2 Bd7 24. Nxc4 Nf7 25. Qb3 Rec8 26. Rda1 e5 27. Nb6 e4 28.
Nxd7 Qxd7 29. Ne5 Qe8 30. Nxg6 Kh7 31. Nh4 Qd7 32. Rxa7 Rxa7 33. Rxa7 Bf6 34.
Nxf5 Kg6 35. Ng3 Nd6 36. b6 Rc6 37. Ne2 Nc4 38. Bc7 1-0

[Event "18. Torneo Ciudad de Albacete 2010"]
[Site "Albacete ESP"]
[Date "2010.09.15"]
[Round "2.9"]
[White "Martinez Peiro, Gabriel"]
[Black "Fenollar Jorda, Manuel"]
[Result "0-1"]
[WhiteElo "2051"]
[BlackElo "2344"]
[PlyCount "81"]
[EventDate "2010.09.14"]
[EventType "swiss"]
[EventRounds "9"]
[EventCountry "ESP"]
[Source "lmi"]
[SourceDate "2010.09.14"]

1. d4 d5 2. c4 c6 3. Nf3 Nf6 4. Nc3 a6 5. h3 dxc4 6. a4 Nd5 7. a5 Bf5 8. e3 e6
9. Bxc4 Bb4 10. Bd2 O-O 11. O-O Bd6 12. Re1 Nd7 13. e4 Nxc3 14. Bxc3 Bg6 15.
Qb3 Qc7 16. Nh4 e5 17. Nxg6 hxg6 18. Rad1 exd4 19. Bxd4 Rad8 20. Qc3 Be5 21.
Bb3 Rfe8 22. Qf3 Nf6 23. Bxe5 Qxe5 24. Rxd8 Rxd8 25. Qc3 Qxc3 26. bxc3 Rd3 27.
e5 Nd5 28. Bxd5 Rxd5 29. Rb1 Rb5 30. Rxb5 cxb5 31. f4 Kf8 32. Kf2 Ke7 33. Ke3
Kd7 34. g4 Kc6 35. h4 b6 36. h5 bxa5 37. f5 a4 38. Kd3 gxf5 39. gxf5 Kd7 40. f6
gxf6 41. h6 0-1

[Event "18. Torneo Ciudad de Albacete 2010"]
[Site "Albacete ESP"]
[Date "2010.09.15"]
[Round "2.10"]
[White "Pardo Simon, David"]
[Black "Garcia Roman, Jose Luis Machado"]
[Result "1-0"]
[WhiteElo "2336"]
[BlackElo "1997"]
[PlyCount "85"]
[EventDate "2010.09.14"]
[EventType "swiss"]
[EventRounds "9"]
[EventCountry "ESP"]
[Source "lmi"]
[SourceDate "2010.09.14"]

1. e4 c5 2. Nc3 Nc6 3. Bb5 Nd4 4. Bc4 e6 5. Nf3 a6 6. Nxd4 cxd4 7. Ne2 b5 8.
Bb3 Bb7 9. d3 Bc5 10. O-O Ne7 11. c3 dxc3 12. bxc3 O-O 13. Bg5 h6 14. Bh4 d5
15. d4 Ba3 16. e5 Qb6 17. Bxe7 Bxe7 18. Bc2 f5 19. exf6 Rxf6 20. Qd3 Kf7 21.
Ng3 g6 22. h4 Rh8 23. h5 g5 24. a4 b4 25. a5 Qc7 26. cxb4 Bxb4 27. Qb3 Bd6 28.
Rac1 Bc6 29. Qc3 Ke7 30. Bd3 Kd7 31. Bxa6 Ra8 32. Qd3 Qxa5 33. Qh7+ Be7 34.
Rxc6 Rxa6 35. Rc5 Qb6 36. Rfc1 Ra7 37. Nf1 Rf4 38. Ne3 Rxd4 39. Rc8 Qd6 40. Qh8
Qf4 41. Qe8+ Kd6 42. R8c6+ Ke5 43. Qh8+ 1-0

[Event "18. Torneo Ciudad de Albacete 2010"]
[Site "Albacete ESP"]
[Date "2010.09.15"]
[Round "2.11"]
[White "Machado Hernandez, Junior"]
[Black "Sanchez Jerez, Emilio Miguel"]
[Result "1-0"]
[WhiteElo "2010"]
[BlackElo "2282"]
[PlyCount "121"]
[EventDate "2010.09.14"]
[EventType "swiss"]
[EventRounds "9"]
[EventCountry "ESP"]
[Source "lmi"]
[SourceDate "2010.09.14"]

1. e4 c5 2. Nf3 Nc6 3. Nc3 g6 4. d4 cxd4 5. Nxd4 Bg7 6. Be3 d6 7. Qd2 Nf6 8. f3
O-O 9. O-O-O Nxd4 10. Bxd4 Be6 11. Kb1 Qc7 12. Nd5 Bxd5 13. exd5 Rfc8 14. Rc1
a5 15. g4 a4 16. g5 Nh5 17. Bxg7 Kxg7 18. Bh3 a3 19. Bxc8 axb2 20. Rcd1 Qxc8
21. Rhe1 Kg8 22. Qd4 Ng7 23. Rd3 Nf5 24. Qxb2 Qc5 25. h4 Ra5 26. Rc3 Rb5 27.
Rxc5 Rxb2+ 28. Kxb2 dxc5 29. a4 Kf8 30. Kc3 Nd6 31. Kd3 Ke8 32. h5 Kd7 33. h6
b6 34. f4 Nb7 35. Kc4 Nd6+ 36. Kc3 Nb7 37. Re3 Nd6 38. Kd3 Nf5 39. Re1 Nd6 40.
a5 b5 41. a6 Nc8 42. Rb1 Na7 43. c3 Kc7 44. Ke4 Nc8 45. f5 Nd6+ 46. Kf4 gxf5
47. a7 Kb7 48. Ra1 Ka8 49. Re1 Nc8 50. Kxf5 Kxa7 51. g6 fxg6+ 52. Ke6 Nd6 53.
Kxe7 Nf5+ 54. Kd7 Kb6 55. d6 c4 56. Ke6 Nxh6 57. d7 Kc7 58. Rd1 Kd8 59. Ra1 Nf7
60. Ra8+ Kc7 61. Rc8+ 1-0

[Event "18. Torneo Ciudad de Albacete 2010"]
[Site "Albacete ESP"]
[Date "2010.09.15"]
[Round "2.12"]
[White "Belinchon Calleja, David"]
[Black "La Rota, Fabio"]
[Result "0-1"]
[WhiteElo "1971"]
[BlackElo "2234"]
[PlyCount "54"]
[EventDate "2010.09.14"]
[EventType "swiss"]
[EventRounds "9"]
[EventCountry "ESP"]
[Source "lmi"]
[SourceDate "2010.09.14"]

1. d4 d5 2. Nf3 Nf6 3. c4 e6 4. e3 c6 5. Nc3 Nbd7 6. Bd3 dxc4 7. Bxc4 b5 8. Bb3
a6 9. O-O Bb7 10. Qe2 c5 11. Rd1 Qb6 12. a4 c4 13. Bc2 b4 14. a5 Qc7 15. Na4
Rc8 16. e4 Qxa5 17. d5 e5 18. b3 c3 19. Bg5 Qc7 20. Nxe5 Nxe5 21. f4 Bc5+ 22.
Kh1 Neg4 23. Nxc5 Qxc5 24. h3 Qf2 25. Qd3 Ne3 26. Rg1 Nxc2 27. Ra2 Ne1 0-1

[Event "18. Torneo Ciudad de Albacete 2010"]
[Site "Albacete ESP"]
[Date "2010.09.15"]
[Round "2.13"]
[White "Pastor Villalba, Arturo"]
[Black "Aroca Villalba, Miguel"]
[Result "0-1"]
[WhiteElo "1767"]
[BlackElo "1982"]
[PlyCount "56"]
[EventDate "2010.09.14"]
[EventType "swiss"]
[EventRounds "9"]
[EventCountry "ESP"]
[Source "lmi"]
[SourceDate "2010.09.14"]

1. d4 Nf6 2. c4 c5 3. d5 e6 4. Nc3 exd5 5. cxd5 d6 6. e4 g6 7. h3 Bg7 8. Nf3
O-O 9. Bd3 b5 10. Nxb5 Re8 11. Nc3 Nxe4 12. Bxe4 Bxc3+ 13. bxc3 Rxe4+ 14. Be3
Ba6 15. Qc2 Qe7 16. Nd2 Rxe3+ 17. fxe3 Qxe3+ 18. Kd1 Bd3 19. Qa4 Be2+ 20. Kc2
Qd3+ 21. Kb2 Qxd2+ 22. Qc2 Qxc2+ 23. Kxc2 Nd7 24. Rab1 Nb6 25. Rhe1 Bc4 26. a3
Kf8 27. a4 Bxd5 28. a5 Nc4 0-1

[Event "18. Torneo Ciudad de Albacete 2010"]
[Site "Albacete ESP"]
[Date "2010.09.15"]
[Round "2.16"]
[White "Diaz Ivars, Jose Manuel"]
[Black "Boj Marques, Javier"]
[Result "0-1"]
[WhiteElo "1785"]
[BlackElo "1917"]
[PlyCount "80"]
[EventDate "2010.09.14"]
[EventType "swiss"]
[EventRounds "9"]
[EventCountry "ESP"]
[Source "lmi"]
[SourceDate "2010.09.14"]

1. e4 c5 2. Nf3 a6 3. Bc4 e6 4. d4 b5 5. Be2 cxd4 6. Nxd4 Bb7 7. Qd3 d6 8. O-O
Nf6 9. Bf3 Nbd7 10. Nxb5 axb5 11. Bg5 b4 12. Rd1 Ra5 13. Nd2 Rxg5 14. Nc4 Nc5
15. Qe3 Rg6 16. Ne5 Qc7 17. Nxg6 hxg6 18. g3 Be7 19. e5 dxe5 20. Bxb7 Nxb7 21.
Qa7 O-O 22. Rac1 Bc5 23. Qa6 Nd5 24. Qb5 Nd6 25. Qe2 Bd4 26. Rb1 Ra8 27. a3
bxa3 28. c3 a2 29. Ra1 Bb6 30. Qxe5 Ra5 31. b4 Ra3 32. Rdc1 Nc4 33. Qe2 Nxc3
34. Qf1 Bd4 35. Qd3 e5 36. Rc2 Nb6 37. Qd2 Qc4 38. Qg5 Qc8 39. Qc1 Qa8 40. Kf1
Qh1# 0-1

[Event "18. Torneo Ciudad de Albacete 2010"]
[Site "Albacete ESP"]
[Date "2010.09.15"]
[Round "2.17"]
[White "Escribano Molina, Albino"]
[Black "Coves Sepulcre, Laureano"]
[Result "0-1"]
[WhiteElo "1650"]
[BlackElo "1905"]
[PlyCount "87"]
[EventDate "2010.09.14"]
[EventType "swiss"]
[EventRounds "9"]
[EventCountry "ESP"]
[Source "lmi"]
[SourceDate "2010.09.14"]

1. e4 e5 2. Nc3 Nf6 3. Bc4 Bb4 4. d3 d5 5. exd5 Nxd5 6. Nge2 O-O 7. O-O Be6 8.
Bd2 Nxc3 9. Nxc3 Bxc4 10. dxc4 Nd7 11. a3 Bd6 12. Ne4 Be7 13. Qf3 c6 14. Rad1
Qc7 15. Qg3 Kh8 16. Bc3 f6 17. Qh3 Rad8 18. Rd3 Nc5 19. Nxc5 Bxc5 20. Rfd1 Rxd3
21. Rxd3 Qb6 22. Qg3 Rd8 23. b4 Be7 24. Bd2 a6 25. Qh4 Rxd3 26. cxd3 Kg8 27.
Qg4 Qd8 28. Qe4 Qd7 29. g3 g6 30. c5 Kf7 31. Qc4+ Qd5 32. Qxd5+ cxd5 33. Kf1
Ke6 34. g4 f5 35. h3 d4 36. f3 Kd5 37. Kf2 e4 38. fxe4+ fxe4 39. dxe4+ Kxe4 40.
Ke2 d3+ 41. Kf2 Kd4 42. Kf3 Bf6 43. Kf4 h6 44. g5 0-1

[Event "18. Torneo Ciudad de Albacete 2010"]
[Site "Albacete ESP"]
[Date "2010.09.15"]
[Round "2.19"]
[White "Garcia Cervigon, Cecilio"]
[Black "Sanchez Argandona, Santiago"]
[Result "0-1"]
[WhiteElo "1862"]
[BlackElo "1673"]
[PlyCount "98"]
[EventDate "2010.09.14"]
[EventType "swiss"]
[EventRounds "9"]
[EventCountry "ESP"]
[Source "lmi"]
[SourceDate "2010.09.14"]

1. d4 d5 2. Nf3 Nf6 3. c4 e6 4. Nc3 c6 5. Bg5 Nbd7 6. e3 Qa5 7. Nd2 Bb4 8. Qc2
O-O 9. Be2 dxc4 10. Bxf6 Nxf6 11. Nxc4 Qc7 12. a3 Be7 13. O-O b6 14. Rac1 Bb7
15. Bf3 Rac8 16. Rfd1 Rfd8 17. b4 a6 18. e4 Nd7 19. e5 Nf8 20. Ne4 Ng6 21. Ned6
Bxd6 22. Nxd6 Rxd6 23. exd6 Qxd6 24. Be4 Kf8 25. Qe2 Ne7 26. Qf3 g6 27. Rc3 Kg7
28. h4 f5 29. Bc2 Nd5 30. Rcd3 h6 31. Bb3 Nf6 32. Qe2 Re8 33. g3 Ne4 34. Re3 a5
35. Bc2 axb4 36. Bxe4 fxe4 37. axb4 Qxb4 38. Rxe4 Qd6 39. Re1 Bc8 40. Qb2 b5
41. d5+ Kg8 42. dxe6 Qe7 43. Qe5 c5 44. f4 Bb7 45. R4e3 Ba8 46. f5 Qb7 47. R1e2
gxf5 48. Qxf5 Qh1+ 49. Kf2 Rf8 0-1

[Event "18. Torneo Ciudad de Albacete 2010"]
[Site "Albacete ESP"]
[Date "2010.09.15"]
[Round "3.1"]
[White "Almeida Quintana, Omar"]
[Black "Gonzalez Perez, Arian"]
[Result "1/2-1/2"]
[WhiteElo "2559"]
[BlackElo "2410"]
[PlyCount "105"]
[EventDate "2010.09.14"]
[EventType "swiss"]
[EventRounds "9"]
[EventCountry "ESP"]
[Source "lmi"]
[SourceDate "2010.09.14"]

1. d4 Nf6 2. Bg5 d5 3. Nd2 e6 4. Ngf3 c5 5. c3 Nc6 6. e3 Bd6 7. Bd3 O-O 8. O-O
e5 9. dxc5 Bxc5 10. e4 dxe4 11. Bxe4 h6 12. Bh4 g5 13. Bg3 Nxe4 14. Nxe4 Qxd1
15. Raxd1 Bb6 16. Nf6+ Kg7 17. Nd7 Bxd7 18. Rxd7 e4 19. Ne5 Rad8 20. Rxb7 Nxe5
21. Bxe5+ Kg6 22. c4 Rfe8 23. Bc3 Rc8 24. Rd1 Rxc4 25. Rd6+ Re6 26. Rxe6+ fxe6
27. Kf1 e3 28. fxe3 Bxe3 29. Ke2 Bb6 30. Rg7+ Kh5 31. Re7 Rg4 32. g3 Re4+ 33.
Kd3 Re3+ 34. Kd2 Rf3 35. Rxe6 Rf2+ 36. Re2 Kg4 37. Bg7 h5 38. Rxf2 Bxf2 39. Bf6
Kh3 40. Ke2 Bg1 41. Bxg5 Bxh2 42. Be3 Kg2 43. Bg5 Bxg3 44. b4 h4 45. Bxh4 Bxh4
46. a4 Be7 47. b5 Bd8 48. Ke3 Bb6+ 49. Ke4 Kf2 50. Kd5 Ke3 51. Kc6 Kd4 52. Kb7
Kc5 53. Ka6 1/2-1/2

[Event "18. Torneo Ciudad de Albacete 2010"]
[Site "Albacete ESP"]
[Date "2010.09.15"]
[Round "3.2"]
[White "Marholev, Dimitar"]
[Black "Mirzoev, Azer"]
[Result "1/2-1/2"]
[WhiteElo "2407"]
[BlackElo "2525"]
[PlyCount "29"]
[EventDate "2010.09.14"]
[EventType "swiss"]
[EventRounds "9"]
[EventCountry "ESP"]
[Source "lmi"]
[SourceDate "2010.09.14"]

1. e4 c5 2. Nc3 e6 3. Nf3 a6 4. d4 cxd4 5. Nxd4 Nc6 6. Nxc6 bxc6 7. Bd3 d5 8.
O-O Nf6 9. Qe2 Be7 10. b3 O-O 11. Bb2 Bb7 12. Rad1 Qc7 13. f4 Rfe8 14. e5 Nd7
15. Na4 1/2-1/2

[Event "18. Torneo Ciudad de Albacete 2010"]
[Site "Albacete ESP"]
[Date "2010.09.15"]
[Round "3.3"]
[White "Abreu Delgado, Aryam"]
[Black "Kovacevic, Slobodan"]
[Result "1-0"]
[WhiteElo "2473"]
[BlackElo "2386"]
[PlyCount "137"]
[EventDate "2010.09.14"]
[EventType "swiss"]
[EventRounds "9"]
[EventCountry "ESP"]
[Source "lmi"]
[SourceDate "2010.09.14"]

1. e4 c5 2. Nf3 e6 3. d4 cxd4 4. Nxd4 a6 5. c4 Nf6 6. Nc3 Qc7 7. a3 b6 8. Be3
Bb7 9. f3 d6 10. Be2 Be7 11. O-O O-O 12. Qd2 Nc6 13. Nxc6 Bxc6 14. Rac1 Qb7 15.
Na2 Rfc8 16. Nb4 Be8 17. Nd3 a5 18. b4 axb4 19. axb4 Nd7 20. Bd4 Ra4 21. Qb2
Bf8 22. Bd1 Raa8 23. Bb3 Qa7 24. Ra1 Qb7 25. Rxa8 Rxa8 26. Ra1 Qc6 27. Ra2 h6
28. Qa1 Rxa2 29. Qxa2 Qb7 30. Ba4 Qa7 31. Nc1 Qb7 32. Bb5 d5 33. cxd5 exd5 34.
exd5 Bxb4 35. Nd3 Bd6 36. Bc6 Qb8 37. g3 Nc5 38. Nxc5 bxc5 39. Bf2 f6 40. Qc4
Bg6 41. Qb5 Qa7 42. Kg2 Qa2 43. Bb7 Kh7 44. Qb6 Qb1 45. Qxd6 c4 46. Qb6 Qc1 47.
d6 Bd3 48. Be4+ f5 49. Bxd3 cxd3 50. d7 d2 51. d8=Q d1=Q 52. Qxd1 Qxd1 53. h4
Qd7 54. Qd4 Qf7 55. Qe5 h5 56. Bd4 Qa2+ 57. Bb2 Qf7 58. Kf2 Qa7+ 59. Qd4 Qe7
60. f4 Qb7 61. Qxg7+ Qxg7 62. Bxg7 Kxg7 63. Ke3 Kf6 64. Kd4 Ke6 65. Kc5 Ke7 66.
Kd5 Kf6 67. Kd6 Kf7 68. Ke5 Kg6 69. Ke6 1-0

[Event "18. Torneo Ciudad de Albacete 2010"]
[Site "Albacete ESP"]
[Date "2010.09.15"]
[Round "3.4"]
[White "Pardo Simon, David"]
[Black "Gongora Reyes, Maikel"]
[Result "1/2-1/2"]
[WhiteElo "2336"]
[BlackElo "2468"]
[PlyCount "61"]
[EventDate "2010.09.14"]
[EventType "swiss"]
[EventRounds "9"]
[EventCountry "ESP"]
[Source "lmi"]
[SourceDate "2010.09.14"]

1. e4 c5 2. Nf3 Nc6 3. d4 cxd4 4. Nxd4 Nf6 5. Nc3 d6 6. Be2 e5 7. Nb3 Be7 8.
O-O O-O 9. Be3 a5 10. a4 Be6 11. Bf3 Nb4 12. Bg5 Qb6 13. Nb5 Qc6 14. Bxf6 Bxf6
15. c3 Nd3 16. Qxd3 Bxb3 17. Qxd6 Rfd8 18. Qa3 Bc4 19. Rfd1 Bxb5 20. axb5 Qxb5
21. g3 g6 22. Bg2 Kg7 23. Bf1 Qc6 24. Rxd8 Bxd8 25. Qa4 Qf6 26. Rd1 Bb6 27. Qc2
h5 28. Rd7 Qc6 29. Rd5 Qf6 30. Rd7 Qc6 31. Rd5 1/2-1/2

[Event "18. Torneo Ciudad de Albacete 2010"]
[Site "Albacete ESP"]
[Date "2010.09.15"]
[Round "3.5"]
[White "Pogorelov, Ruslan"]
[Black "Martinez Peiro, Gabriel"]
[Result "1-0"]
[WhiteElo "2447"]
[BlackElo "2051"]
[PlyCount "109"]
[EventDate "2010.09.14"]
[EventType "swiss"]
[EventRounds "9"]
[EventCountry "ESP"]
[Source "lmi"]
[SourceDate "2010.09.14"]

1. Nf3 d5 2. d4 Nf6 3. c4 c6 4. Nc3 dxc4 5. a4 Bf5 6. Ne5 e6 7. f3 Bb4 8. e4
Bxe4 9. fxe4 Nxe4 10. Bd2 Qxd4 11. Nxe4 Qxe4+ 12. Qe2 Bxd2+ 13. Kxd2 Qd5+ 14.
Kc2 Na6 15. Nxc4 O-O-O 16. Qf3 f6 17. Be2 Nb4+ 18. Kb3 Na6 19. Qe3 Nc5+ 20. Ka3
Nd3 21. Rhd1 Qc5+ 22. Qxc5 Nxc5 23. b4 Ne4 24. Bg4 f5 25. Bf3 Nc3 26. Rxd8+
Rxd8 27. Kb3 Nd5 28. b5 Kc7 29. bxc6 bxc6 30. Rc1 Rb8+ 31. Ka3 Rc8 32. Bxd5
exd5 33. Ne3 Kd7 34. Nxf5 g6 35. Nd4 c5 36. Nb3 Kd6 37. Kb2 c4 38. Nd4 Kc5 39.
Kc3 Re8 40. Rd1 a6 41. Nf3 Re2 42. Rd2 Rxd2 43. Kxd2 Kb4 44. Nd4 Kxa4 45. Kc3
a5 46. g4 g5 47. h3 Ka3 48. Nb5+ Ka2 49. Nc7 d4+ 50. Kxc4 a4 51. Nb5 Kb2 52.
Kxd4 Kc2 53. Kc4 Kd2 54. Nd4 Kc1 55. Kb4 1-0

[Event "18. Torneo Ciudad de Albacete 2010"]
[Site "Albacete ESP"]
[Date "2010.09.15"]
[Round "3.6"]
[White "La Rota, Fabio"]
[Black "Machado Hernandez, Junior"]
[Result "1-0"]
[WhiteElo "2234"]
[BlackElo "2010"]
[PlyCount "43"]
[EventDate "2010.09.14"]
[EventType "swiss"]
[EventRounds "9"]
[EventCountry "ESP"]
[Source "lmi"]
[SourceDate "2010.09.14"]

1. e4 c5 2. Nc3 Nc6 3. g3 g6 4. Bg2 Bg7 5. d3 d6 6. Be3 Nf6 7. h3 Rb8 8. Qd2 h5
9. Nge2 e5 10. f4 Nd4 11. Nd1 b5 12. c3 Nxe2 13. Qxe2 Qc7 14. fxe5 dxe5 15. Qf2
Qd6 16. O-O Qxd3 17. Bg5 Rb6 18. Qxc5 Bxh3 19. Qxe5+ Re6 20. Qb8+ Kd7 21. Qb7+
Ke8 22. Qc8+ 1-0

[Event "18. Torneo Ciudad de Albacete 2010"]
[Site "Albacete ESP"]
[Date "2010.09.15"]
[Round "3.7"]
[White "Aroca Villalba, Miguel"]
[Black "Martinez Rodriguez, Pablo"]
[Result "0-1"]
[WhiteElo "1982"]
[BlackElo "2239"]
[PlyCount "54"]
[EventDate "2010.09.14"]
[EventType "swiss"]
[EventRounds "9"]
[EventCountry "ESP"]
[Source "lmi"]
[SourceDate "2010.09.14"]

1. e4 c6 2. d4 d5 3. Nc3 dxe4 4. Nxe4 Bf5 5. Bd3 Nf6 6. Nxf6+ gxf6 7. c3 Bxd3
8. Qxd3 Qd5 9. Nf3 Nd7 10. O-O O-O-O 11. c4 Qh5 12. b4 e5 13. d5 Nb6 14. Be3
Rg8 15. Bxb6 axb6 16. g3 Bxb4 17. Rab1 Bc5 18. Kg2 Qg6 19. Qe2 cxd5 20. cxd5
Rxd5 21. Rfc1 Kb8 22. Qb5 Rgd8 23. a4 Be3 24. Qb2 Rd2 25. Nxd2 Rxd2 26. Qb4
Rxf2+ 27. Kh1 Qh5 0-1

[Event "18. Torneo Ciudad de Albacete 2010"]
[Site "Albacete ESP"]
[Date "2010.09.15"]
[Round "3.8"]
[White "Trabazos Gallego, Javier"]
[Black "Picazo Lopez, Juan Antonio"]
[Result "0-1"]
[WhiteElo "1980"]
[BlackElo "2232"]
[PlyCount "80"]
[EventDate "2010.09.14"]
[EventType "swiss"]
[EventRounds "9"]
[EventCountry "ESP"]
[Source "lmi"]
[SourceDate "2010.09.14"]

1. d4 d5 2. Bf4 c5 3. e3 Nc6 4. c3 Nf6 5. Bd3 e6 6. Nf3 Bd6 7. Bg3 Qe7 8. Nbd2
O-O 9. Ne5 Nd7 10. Ndf3 f6 11. Nxc6 bxc6 12. Qc2 g6 13. Bxd6 Qxd6 14. Bxg6 f5
15. Bh5 Nf6 16. g4 fxg4 17. Ng5 Qe7 18. h3 Nxh5 19. hxg4 Qxg5 20. Rxh5 Qg6 21.
Qxg6+ hxg6 22. Rg5 Kg7 23. f4 Rh8 24. O-O-O c4 25. Rf1 Kf6 26. Rf2 Rh3 27. Re5
Bd7 28. e4 Rah8 29. g5+ Kf7 30. f5 gxf5 31. exf5 Rh1+ 32. Kd2 exf5 33. Rfe2 Kg6
34. Rg2 R8h2 35. Rxh2 Rxh2+ 36. Kc1 Rh7 37. b3 cxb3 38. axb3 Kxg5 39. c4 dxc4
40. bxc4 Rh4 0-1

[Event "18. Torneo Ciudad de Albacete 2010"]
[Site "Albacete ESP"]
[Date "2010.09.15"]
[Round "3.9"]
[White "Fenollar Jorda, Manuel"]
[Black "Ontanon Gomez, Pablo"]
[Result "1/2-1/2"]
[WhiteElo "2344"]
[BlackElo "2041"]
[PlyCount "84"]
[EventDate "2010.09.14"]
[EventType "swiss"]
[EventRounds "9"]
[EventCountry "ESP"]
[Source "lmi"]
[SourceDate "2010.09.14"]

1. d4 Nf6 2. Nf3 c5 3. e3 g6 4. Bd3 Bg7 5. O-O cxd4 6. exd4 O-O 7. Re1 Nc6 8.
c3 d5 9. h3 b6 10. Bf4 Bb7 11. Nbd2 Rc8 12. Ne5 Nd7 13. Nxc6 Bxc6 14. Ba6 Ra8
15. b4 Nb8 16. b5 Nxa6 17. bxc6 Nc7 18. Qb3 Ne6 19. Be5 Rc8 20. Bxg7 Kxg7 21.
Re5 Rxc6 22. Rxd5 Qc7 23. c4 Qf4 24. Qe3 Rd6 25. Qxf4 Nxf4 26. Rxd6 exd6 27.
Re1 d5 28. Re7 Rd8 29. Rxa7 Ne2+ 30. Kf1 Nxd4 31. a4 dxc4 32. Ne4 b5 33. axb5
Nxb5 34. Ra1 Rd4 35. Nc5 c3 36. Rc1 Rc4 37. Nb3 Rb4 38. Na1 Rb2 39. Nc2 Kf6 40.
Ke2 Nd4+ 41. Kd3 Nxc2 42. Kxc3 Rb5 1/2-1/2

[Event "18. Torneo Ciudad de Albacete 2010"]
[Site "Albacete ESP"]
[Date "2010.09.15"]
[Round "3.10"]
[White "Sanchez Jerez, Emilio Miguel"]
[Black "Garcia Roman, Jose Luis Machado"]
[Result "0-1"]
[WhiteElo "2282"]
[BlackElo "1997"]
[PlyCount "54"]
[EventDate "2010.09.14"]
[EventType "swiss"]
[EventRounds "9"]
[EventCountry "ESP"]
[Source "lmi"]
[SourceDate "2010.09.14"]

1. e4 c5 2. Nc3 Nc6 3. Nge2 Nf6 4. d4 cxd4 5. Nxd4 d6 6. Bc4 e5 7. Nf5 Bxf5 8.
exf5 h6 9. Be3 a6 10. Qf3 Qa5 11. O-O-O Qb4 12. Nd5 Qxc4 13. Nc7+ Kd7 14. Nxa8
Qxa2 15. c3 e4 16. Qg3 Qa5 17. Qf4 Be7 18. Nb6+ Kc7 19. Kb1 Ne5 20. f3 Qb5 21.
c4 Qb3 22. c5 Nd3 23. cxd6+ Kc6 24. Rc1+ Kb5 25. Na4 Kxa4 26. Rc2 Rc8 27. Rhc1
Nb4 0-1

[Event "18. Torneo Ciudad de Albacete 2010"]
[Site "Albacete ESP"]
[Date "2010.09.15"]
[Round "3.11"]
[White "Saez Gabikagogeaskoa, Oscar"]
[Black "Jimenez Martinez, Jose Vicente"]
[Result "0-1"]
[WhiteElo "1961"]
[BlackElo "2273"]
[PlyCount "52"]
[EventDate "2010.09.14"]
[EventType "swiss"]
[EventRounds "9"]
[EventCountry "ESP"]
[Source "lmi"]
[SourceDate "2010.09.14"]

1. e4 g6 2. d4 Bg7 3. Nc3 d6 4. Bg5 c6 5. Qd2 Qb6 6. O-O-O Qa5 7. Bc4 Bxd4 8.
f4 Bg7 9. Nf3 h6 10. Bh4 Nd7 11. Rhe1 b5 12. Bb3 Nc5 13. Kb1 b4 14. Ne2 Nxe4
15. Qe3 f5 16. Ned4 Bd7 17. g4 Ngf6 18. gxf5 gxf5 19. Rg1 Bf8 20. Bxf6 exf6 21.
Be6 Qc5 22. Qb3 d5 23. Bxf5 Bxf5 24. Nxf5 O-O-O 25. N3d4 Kb7 26. Ne6 Nd2+ 0-1

[Event "18. Torneo Ciudad de Albacete 2010"]
[Site "Albacete ESP"]
[Date "2010.09.15"]
[Round "3.12"]
[White "Serna Lara, Sergio"]
[Black "Boj Marques, Javier"]
[Result "1-0"]
[WhiteElo "2236"]
[BlackElo "1917"]
[PlyCount "41"]
[EventDate "2010.09.14"]
[EventType "swiss"]
[EventRounds "9"]
[EventCountry "ESP"]
[Source "lmi"]
[SourceDate "2010.09.14"]

1. d4 d5 2. c4 e6 3. Nf3 Nf6 4. g3 Be7 5. Bg2 O-O 6. O-O b6 7. cxd5 exd5 8. Nc3
Bb7 9. Bf4 a6 10. Rc1 Bd6 11. Ne5 Re8 12. Qb3 Nc6 13. Nxc6 Bxc6 14. Bg5 h6 15.
Bxf6 Qxf6 16. e3 a5 17. Bxd5 Bxd5 18. Qxd5 a4 19. a3 Ra5 20. Qc6 Re6 21. Ne4
1-0

[Event "18. Torneo Ciudad de Albacete 2010"]
[Site "Albacete ESP"]
[Date "2010.09.15"]
[Round "3.13"]
[White "Coves Sepulcre, Laureano"]
[Black "Alcaraz Ortega, Javier"]
[Result "0-1"]
[WhiteElo "1905"]
[BlackElo "2229"]
[PlyCount "86"]
[EventDate "2010.09.14"]
[EventType "swiss"]
[EventRounds "9"]
[EventCountry "ESP"]
[Source "lmi"]
[SourceDate "2010.09.14"]

1. c4 g6 2. g3 Bg7 3. Bg2 d6 4. d4 Nc6 5. Nf3 Nf6 6. O-O O-O 7. Nc3 Bf5 8. b3
a6 9. Bb2 Rb8 10. h3 b5 11. g4 Bd7 12. d5 Na5 13. cxb5 axb5 14. Nd4 b4 15. Nb1
e6 16. e4 Nb7 17. Nd2 Nc5 18. Qc2 e5 19. Ne2 Bb5 20. Nc4 Nfd7 21. Ng3 Qe7 22.
f4 exf4 23. Rxf4 Bxb2 24. Nxb2 Qe5 25. Rf3 Ra8 26. Bf1 Bxf1 27. Kxf1 Ra7 28.
Rb1 Qd4 29. Nc4 Rfa8 30. Ne2 Qxe4 31. Qxe4 Nxe4 32. Re3 Ndc5 33. Nd4 Nf6 34.
Nc6 Nxd5 35. Rf3 Ra6 36. N4a5 Rxa5 37. Nxa5 Rxa5 38. Re1 Kf8 39. Rd1 Nc3 40.
Rd4 N5e4 41. Rf4 Ng3+ 42. Ke1 Rxa2 43. Rxb4 Re2# 0-1

[Event "18. Torneo Ciudad de Albacete 2010"]
[Site "Albacete ESP"]
[Date "2010.09.15"]
[Round "3.14"]
[White "Campayo Hernandez, Juan"]
[Black "Menendez Solar, Jose Carlos"]
[Result "1-0"]
[WhiteElo "2154"]
[BlackElo "1877"]
[PlyCount "105"]
[EventDate "2010.09.14"]
[EventType "swiss"]
[EventRounds "9"]
[EventCountry "ESP"]
[Source "lmi"]
[SourceDate "2010.09.14"]

1. c4 e5 2. g3 Nc6 3. Bg2 Nf6 4. Nc3 Be7 5. e3 O-O 6. Nge2 Re8 7. a3 Bf8 8. d3
d6 9. b4 Rb8 10. O-O Be6 11. b5 Na5 12. Nd5 c6 13. Nxf6+ gxf6 14. Qa4 cxb5 15.
Qxb5 a6 16. Qb1 d5 17. cxd5 Bxd5 18. e4 Be6 19. d4 Bc4 20. Qb2 Nb3 21. Be3 Nxa1
22. Rxa1 Bg7 23. d5 Qd7 24. Nc3 Rec8 25. h4 Bf8 26. Kh2 Rc7 27. Bb6 Bc5 28. Bh3
Qd6 29. Bxc7 Qxc7 30. Qd2 Bf8 31. Nd1 Bb5 32. Ne3 Bh6 33. d6 Qd8 34. d7 Bc6 35.
Bf5 Qb6 36. Rd1 Rd8 37. Qe2 Bxe3 38. fxe3 h6 39. Rd6 Qb1 40. Rxf6 Kg7 41. Rd6
Bb5 42. Qg4+ Kf8 43. Rd2 Qe1 44. Rc2 Qxe3 45. Qd1 Bd3 46. Rd2 Bxe4 47. Re2 Qd3
48. Qxd3 Bxd3 49. Bxd3 Rxd7 50. Bf5 Rd3 51. Kh3 f6 52. Rc2 b5 53. Rc6 1-0